All Dominion Card-Shaped Objects - Statistics

General Stats
  • This quiz has been taken 205 times
    149 since last reset
  • The average score is 346 of 837
Answer Stats
Set Cost Type Answer % Correct
Basic Cards 0 Treasure Copper
94%
Basic Cards 0 Curse Curse
94%
Basic Cards 2 Victory Estate
94%
Basic Cards 6 Treasure Gold
94%
Dominion (Base) 2 ActionReaction Moat
94%
Basic Cards 8 Victory Province
94%
Basic Cards 3 Treasure Silver
94%
Dominion (Base) 6 Action Artisan
88%
Dominion (Base) 4 ActionAttack Bureaucrat
88%
Dominion (Base) 2 Action Cellar
88%
Dominion (Base) 2 Action Chapel
88%
Basic Cards 5 Victory Duchy
88%
Dominion (Base) 4 Victory Gardens
88%
Dominion (Base) 4 Action Smithy
88%
Empires 4 Action Villa
88%
Dominion (Base) 3 Action Village
88%
Dominion (Base) 5 ActionAttack Witch
88%
Dominion (Base) 3 Action Harbinger
81%
Dominion (Base) 3 Action Merchant
81%
Dominion (Base) 4 ActionAttack Militia
81%
Intrigue 4 ActionVictory Mill
81%
Dominion (Base) 4 Action Remodel
81%
Dominion (Base) 1E 3 Action Woodcutter
81%
Dominion (Base) 1E 6 Action Adventurer
75%
Intrigue 6 TreasureVictory Farm
75%
Dominion (Base) 1E 4 Action Feast
75%
Intrigue 1E 3 ActionVictory Great Hall
75%
Intrigue 1E 6 TreasureVictory Harem
75%
Prosperity 7 Action King's Court
75%
Dominion (Base) 5 Action Library
75%
Dominion (Base) 5 Action Mine
75%
Rising Sun 4 ActionAttack Shadow Ninja
75%
Prosperity 9 Treasure Platinum
75%
Dominion (Base) 5 Action Sentry
75%
Plunder Trait Shy
75%
Dominion (Base) 1E 4 ActionAttack Spy
75%
Nocturne Boon The Sea's Gift
75%
Intrigue 5 ActionAttack Torturer
75%
Cornucopia & Guilds 1E 0* ActionPrize Trusty Steed
75%
Nocturne Hex War
75%
Dominion (Base) 3 Action Workshop
75%
Alchemy 5 Action Apprentice
69%
Dominion (Base) 5 ActionAttack Bandit
69%
Adventures 2 TreasureReserve Coin of the Realm
69%
Prosperity 11 Victory Colony
69%
Empires 14 Event Dominate
69%
Dominion (Base) 5 Action Festival
69%
Empires 8+8D Treasure Fortune
69%
Menagerie 3* Action Horse
69%
Dominion (Base) 5 Action Market
69%
Seaside 3 ActionDuration Monkey
69%
Rising Sun 5D ActionOmen Mountain Shrine
69%
Intrigue 6 ActionVictory Nobles
69%
Intrigue 2 Action Pawn
69%
Adventures 2 ActionTraveller Peasant
69%
Seaside 5 ActionDuration Reaction Pirate
69%
Dominion (Base) 4 Action Poacher
69%
Alchemy 6+P Action Possession
69%
Alchemy 4 Treasure Potion
69%
Promo 8 ActionDuration Command Prince
69%
Rising Sun 7 Treasure Rice
69%
Alchemy 2+P ActionAttack Scrying Pool
69%
Adventures 6* ActionReserve Teacher
69%
Nocturne Boon The Mountain's Gift
69%
Dominion (Base) 1E 4 ActionAttack Thief
69%
Dominion (Base) 4 Action Throne Room
69%
Dominion (Base) 3 Action Vassal
69%
Alchemy P Victory Vineyard
69%
Menagerie Way Way of the Horse
69%
Menagerie Way Way of the Monkey
69%
Empires 5 ActionGathering Wild Hunt
69%
Seaside 3 TreasureDuration Astrolabe
63%
Dark Ages 5 ActionCommand Band of Misfits
63%
Nocturne 2* Night Bat
63%
Promo 3 Action Black Market
63%
Seaside 4 ActionDuration Caravan
63%
Adventures 6* ActionDuration Champion
63%
Prosperity 5 Action City
63%
Empires 8D Action City Quarter
63%
Plunder Trait Cursed
63%
Nocturne 4 TreasureHeirloom Cursed Gold
63%
Rising Sun 6D ActionCommand Daimyo
63%
Dark Ages 5 ActionAttack Knight Dame Anna
63%
Dark Ages 5 ActionVictory Attack Knight Dame Josephine
63%
Intrigue 4 ActionReaction Diplomat
63%
Adventures 5* ActionTraveller Disciple
63%
Adventures 5 ActionReserve Victory Distant Lands
63%
Seaside 1E 2 Action Embargo
63%
Empires 3 ActionDuration Attack Enchantress
63%
Alchemy 3+P ActionAttack Familiar
63%
Rising Sun 2 ActionShadow Fishmonger
63%
Nocturne 3 ActionFate Fool
63%
Adventures 4* ActionTraveller Fugitive
63%
Nocturne 4* ActionDuration Spirit Ghost
63%
Empires 3 Action Gladiator
63%
Nocturne 2 TreasureHeirloom Goat
63%
Prosperity 1E 6 ActionAttack Goons
63%
Alchemy 2 Action Herbalist
63%
Adventures 5* ActionTraveller Hero
63%
Nocturne 2* ActionSpirit Imp
63%
Seaside 4 ActionVictory Island
63%
Dominion (Base) 5 Action Laboratory
63%
Adventures 4 Action Miser
63%
Dominion (Base) 4 Action Moneylender
63%
Seaside 2 Action Native Village
63%
Empires 8D ActionCommand Overlord
63%
Adventures 2 ActionTraveller Page
63%
Prosperity 8* Action Peddler
63%
Nocturne 5 Action Pooka
63%
Cornucopia & Guilds 1E 0* ActionPrize Princess
63%
Dark Ages 0 ActionRuins Ruined Library
63%
Dark Ages 0 ActionRuins Ruined Village
63%
Nocturne 4 Action Shepherd
63%
Adventures 3* ActionAttack Traveller Soldier
63%
Menagerie Way Way of the Goat
63%
Menagerie Way Way of the Rat
63%
Seaside 5 ActionDuration Wharf
63%
Adventures 5 ActionReserve Wine Merchant
63%
Alchemy 3+P Action Alchemist
56%
Allies 2 TreasureLiaison Bauble
56%
Menagerie 2 ActionReaction Attack Black Cat
56%
Intrigue 4 Action Bridge
56%
Rising Sun 4 Action Change
56%
Prosperity 5 Treasure Collection
56%
Dominion (Base) 5 Action Council Room
56%
Empires 4 VictoryCastle Crumbling Castle
56%
Prosperity 5 Treasure Crystal Ball
56%
Dark Ages 5 ActionAttack Looter Cultist
56%
Nocturne State Deluded
56%
Nocturne Hex Delusion
56%
Cornucopia & Guilds 0* ActionVictory Reward Demesne
56%
Cornucopia & Guilds 1E 3+ Action Doctor
56%
Empires 8D Event Donate
56%
Intrigue 5 Victory Duke
56%
Allies 5 ActionTownsfolk Elder
56%
Empires 4D Action Engineer
56%
Nocturne Hex Envy
56%
Renaissance 4 Project Fair
56%
Dark Ages 4 Victory Feodum
56%
Cornucopia & Guilds 1E 0* ActionAttack Prize Followers
56%
Alchemy 4+P Action Golem
56%
Nocturne 2 NightDuration Guardian
56%
Empires 6 VictoryCastle Haunted Castle
56%
Seaside 2 ActionDuration Haven
56%
Hinterlands 5 Action Highway
56%
Cornucopia & Guilds 1E 4 ActionReaction Horse Traders
56%
Dark Ages 1 ReactionShelter Hovel
56%
Empires 3 TreasureVictory Castle Humble Castle
56%
Rising Sun Prophecy Kind Emperor
56%
Empires 10 VictoryCastle King's Castle
56%
Seaside 2 ActionDuration Lighthouse
56%
Nocturne State Lost in the Woods
56%
Menagerie 3 Event March
56%
Cornucopia & Guilds 1E 3+ Treasure Masterpiece
56%
Cornucopia & Guilds 3 Action Menagerie
56%
Seaside 5 ActionDuration Merchant Ship
56%
Nocturne State Miserable
56%
Prosperity 1E 5 ActionAttack Mountebank
56%
Empires 7 ActionVictory Castle Opulent Castle
56%
Nocturne 2 TreasureVictory Heirloom Pasture
56%
Alchemy 3+P Treasure Philosopher's Stone
56%
Nocturne 2 ActionFate Pixie
56%
Empires 5 Treasure Plunder
56%
Dark Ages 1 Action Poor House
56%
Adventures 2 ActionReserve Ratcatcher
56%
Cornucopia & Guilds 0* ActionReward Renown
56%
Rising Sun 6 ActionDuration Attack Samurai
56%
Intrigue 1E 4 Action Scout
56%
Seaside 1E 4 ActionAttack Sea Hag
56%
Seaside 5 ActionDuration Attack Sea Witch
56%
Menagerie 3 ActionReaction Sheepdog
56%
Plunder 7* TreasureReaction Loot Shield
56%
Rising Sun Prophecy Sickness
56%
Dark Ages 5 ActionAttack Knight Sir Destry
56%
Dark Ages 4 ActionAttack Knight Sir Martin
56%
Dark Ages 5 ActionAttack Knight Sir Vander
56%
Allies 5 ActionAttack Wizard Sorcerer
56%
Dark Ages 0 ActionRuins Survivors
56%
Rising Sun 5 ActionShadow Tanuki
56%
Allies 3 ActionFort Tent
56%
Nocturne Boon The River's Gift
56%
Nocturne Boon The Sun's Gift
56%
Nocturne Boon The Swamp's Gift
56%
Adventures 3* ActionTraveller Treasure Hunter
56%
Renaissance 5 Action Treasurer
56%
Nocturne State Twice Miserable
56%
Empires Landmark Wall
56%
Allies 5 ActionDuration Attack Clash Warlord
56%
Adventures 4* ActionAttack Traveller Warrior
56%
Prosperity 3 ActionReaction Watchtower
56%
Menagerie Way Way of the Chameleon
56%
Menagerie Way Way of the Pig
56%
Menagerie Way Way of the Sheep
56%
Empires 4+3D Event Wedding
56%
Nocturne 5 ActionNight Attack Doom Werewolf
56%
Nocturne 0* ActionSpirit Will-o'-Wisp
56%
Nocturne 0* Action Wish
56%
Dark Ages 0 ActionRuins Abandoned Mine
50%
Rising Sun 4 ActionShadow Alley
50%
Adventures 0 Event Alms
50%
Seaside 1E 3 ActionAttack Ambassador
50%
Alchemy 2+P Action Apothecary
50%
Allies 4 ActionAttack Clash Archer
50%
Empires Landmark Arena
50%
Rising Sun 8D Action Artist
50%
Cornucopia & Guilds 1E 0* ActionPrize Bag of Gold
50%
Cornucopia & Guilds 5 Action Baker
50%
Prosperity 7 Treasure Bank
50%
Empires Landmark Baths
50%
Allies 3 ActionClash Battle Plan
50%
Seaside 5 Action Bazaar
50%
Dark Ages 2 ActionReaction Beggar
50%
Allies 3 ActionTownsfolk Blacksmith
50%
Seaside 4 ActionDuration Attack Blockade
50%
Adventures 5 ActionDuration Attack Bridge Troll
50%
Plunder 2 TreasureDuration Cage
50%
Empires 5 Treasure Capital
50%
Promo 6 ActionDuration Command Captain
50%
Prosperity 5 ActionAttack Charlatan
50%
Promo 3 ActionDuration Church
50%
Seaside 5 ActionDuration Attack Corsair
50%
Intrigue 5 Action Courtier
50%
Intrigue 2 Action Courtyard
50%
Empires 5 ActionTreasure Crown
50%
Menagerie 6* Action Destrier
50%
Allies 6 ActionVictory Odyssey Distant Shore
50%
Rising Sun Prophecy Divine Wind
50%
Empires 2 Action Encampment
50%
Rising Sun Prophecy Enlightenment
50%
Nocturne State Envious
50%
Cornucopia & Guilds 6 Victory Fairgrounds
50%
Empires 3 ActionGathering Farmers' Market
50%
Cornucopia & Guilds 2+ Action Farrier
50%
Nocturne Hex Fear
50%
Adventures 3 Event Ferry
50%
Cornucopia & Guilds 5 Action Ferryman
50%
Menagerie 5* Action Fisherman
50%
Seaside 3 ActionDuration Fishing Village
50%
Renaissance Artifact Flag
50%
Empires 9 VictoryCastle Grand Castle
50%
Hinterlands 3 ActionReaction Guard Dog
50%
Adventures 3 ActionReserve Guide
50%
Nocturne 0 TreasureHeirloom Haunted Mirror
50%
Cornucopia & Guilds 4+ Action Herald
50%
Renaissance Artifact Horn
50%
Cornucopia & Guilds 5 Action Joust
50%
Plunder 7 Treasure King's Cache
50%
Renaissance 2 Action Lackeys
50%
Renaissance Artifact Lantern
50%
Rising Sun 5 Action Litter
50%
Nocturne 4 TreasureHeirloom Lucky Coin
50%
Promo 5 Victory Marchland
50%
Intrigue 3 Action Masquerade
50%
Dark Ages 0* ActionAttack Mercenary
50%
Dark Ages 1 ActionShelter Necropolis
50%
Allies 3 ActionOdyssey Old Map
50%
Seaside 1E 2 Action Pearl Diver
50%
Nocturne Hex Plague
50%
Dark Ages 4 Action Procession
50%
Adventures 5 Event Raid
50%
Dark Ages 4 Action Rats
50%
Menagerie 7 Event Reap
50%
Intrigue 5 ActionAttack Replace
50%
Rising Sun 5 Action Rice Broker
50%
Rising Sun 4 ActionOmen River Shrine
50%
Empires 8D Action Royal Blacksmith
50%
Dark Ages 0 ActionRuins Ruined Market
50%
Plunder 6 Treasure Sack of Loot
50%
Allies 6 ActionAugur Sibyl
50%
Dark Ages 5 ActionAttack Knight Sir Bailey
50%
Rising Sun 2 ActionAttack Snake Witch
50%
Dark Ages 0* Treasure Spoils
50%
Plunder 7* TreasureAttack Loot Sword
50%
Seaside 5 ActionDuration Tactician
50%
Nocturne Boon The Flame's Gift
50%
Prosperity 4 Treasure Tiara
50%
Cornucopia & Guilds 1E 4 Action Tournament
50%
Allies 4 Action Town
50%
Allies 2 ActionTownsfolk Town Crier
50%
Alchemy P Action Transmute
50%
Seaside 5 Action Treasury
50%
Hinterlands 3 VictoryReaction Tunnel
50%
Dark Ages 3 ActionAttack Urchin
50%
Nocturne 5 NightAttack Doom Vampire
50%
Prosperity 5 Treasure War Chest
50%
Menagerie Way Way of the Ox
50%
Prosperity 4 Action Worker's Village
50%
Nocturne 3 ActionZombie Zombie Mason
50%
Nocturne 3 ActionZombie Zombie Spy
50%
Allies 4 ActionAugur Acolyte
44%
Empires 0 Event Advance
44%
Plunder 7* TreasureDuration Loot Amphora
44%
Menagerie 7* Action Animal Fair
44%
Prosperity 3 Treasure Anvil
44%
Empires Landmark Aqueduct
44%
Promo 5 Action Avanto
44%
Dark Ages 5 Action Bandit Camp
44%
Nocturne 4 ActionFate Bard
44%
Hinterlands 5 ActionAttack Berserker
44%
Renaissance 2 Action Border Guard
44%
Adventures 0 Event Borrow
44%
Cornucopia & Guilds 5 Action Butcher
44%
Plunder 4 ActionDuration Cabin Boy
44%
Cornucopia & Guilds 2 Action Candlestick Maker
44%
Empires 3 ActionAttack Catapult
44%
Dominion (Base) 1E 3 Action Chancellor
44%
Empires 3 Action Chariot Race
44%
Prosperity 4 ActionReaction Attack Clerk
44%
Allies 4 ActionDuration Wizard Conjurer
44%
Dark Ages 5 Action Count
44%
Dark Ages 5 ActionAttack Knight Dame Molly
44%
Dark Ages 5 ActionAttack Knight Dame Natalie
44%
Dark Ages 4 ActionLooter Death Cart
44%
Nocturne 5 NightDuration Den of Sin
44%
Nocturne 4 Night Devil's Workshop
44%
Empires 5 Action Emporium
44%
Plunder 7* TreasureDuration Loot Endless Chalice
44%
Promo 4 Action Envoy
44%
Prosperity 7 Action Expand
44%
Nocturne 2 ActionReaction Faithful Hound
44%
Cornucopia & Guilds 4 Action Farmhands
44%
Cornucopia & Guilds 1E 4 Action Farming Village
44%
Hinterlands 6 Victory Farmland
44%
Plunder Trait Fawning
44%
Plunder 7* TreasureDuration Loot Figurehead
44%
Renaissance 4 Action Flag Bearer
44%
Plunder Trait Friendly
44%
Allies Ally Gang of Pickpockets
44%
Allies 4 ActionDuration Fort Garrison
44%
Seaside 1E 5 ActionAttack Ghost Ship
44%
Promo 5 Action Governor
44%
Prosperity 6 Action Grand Market
44%
Nocturne Hex Greed
44%
Adventures 5 ActionDuration Attack Haunted Woods
44%
Allies 3 ActionAugur Herb Gatherer
44%
Adventures 6 ActionDuration Hireling
44%
Prosperity 6 Treasure Hoard
44%
Cornucopia & Guilds 0* ActionReward Housecarl
44%
Cornucopia & Guilds 0* TreasureReward Huge Turnip
44%
Cornucopia & Guilds 5 Action Hunting Party
44%
Nocturne 5 TreasureAttack Fate Idol
44%
Cornucopia & Guilds 3+ Action Infirmary
44%
Hinterlands 5 Action Inn
44%
Renaissance 6 Project Innovation
44%
Intrigue 4 Action Ironworks
44%
Plunder 7* TreasureDuration Loot Jewels
44%
Plunder 4 Event Journey
44%
Dark Ages 5 Action Junk Dealer
44%
Rising Sun 5 ActionAttack Omen Kitsune
44%
Empires 5 ActionAttack Legionary
44%
Allies 6 ActionWizard Lich
44%
Prosperity 1E 3 Treasure Loan
44%
Nocturne Hex Locusts
44%
Plunder 6 Event Looting
44%
Dark Ages 4 ActionAttack Looter Marauder
44%
Allies 4 ActionTownsfolk Miller
44%
Intrigue 5 ActionAttack Minion
44%
Prosperity 5 Action Mint
44%
Nocturne Hex Misery
44%
Nocturne 2 Night Monastery
44%
Nocturne 4 Action Necromancer
44%
Empires Landmark Obelisk
44%
Seaside 5 ActionDuration Outpost
44%
Dark Ages 1 VictoryShelter Overgrown Estate
44%
Empires 2 Action Patrician
44%
Intrigue 5 Action Patrol
44%
Dark Ages 5 ActionAttack Pillage
44%
Seaside 1E 4 ActionAttack Pirate Ship
44%
Prosperity 4 Treasure Quarry
44%
Prosperity 5 ActionAttack Rabble
44%
Nocturne 6 NightDuration Attack Raider
44%
Renaissance 5 Action Recruiter
44%
Empires 4 Treasure Rocks
44%
Rising Sun 5 ActionShadow Ronin
44%
Plunder 4 TreasureDuration Rope
44%
Rising Sun 4 ActionOmen Rustic Village
44%
Intrigue 1E 5 ActionAttack Saboteur
44%
Seaside 4 ActionDuration Sailor
44%
Promo 4 Action Sauna
44%
Renaissance 5 Treasure Scepter
44%
Intrigue 1E 2 ActionReaction Secret Chamber
44%
Intrigue 3 Action Shanty Town
44%
Renaissance 4 Action Silk Merchant
44%
Hinterlands 1E 4 Victory Silk Road
44%
Dark Ages 5 ActionAttack Knight Sir Michael
44%
Nocturne 4 ActionAttack Doom Skulk
44%
Empires 8 VictoryCastle Sprawling Castle
44%
Plunder 7* TreasureLoot Staff
44%
Promo 5 Treasure Stash
44%
Intrigue 3 Action Steward
44%
Allies 3 ActionLiaison Wizard Student
44%
Promo 5 Event Summon
44%
Allies 5 TreasureOdyssey Sunken Treasure
44%
Menagerie 2 Treasure Supplies
44%
Adventures 5 ActionDuration Attack Swamp Hag
44%
Allies 6 VictoryClash Territory
44%
Nocturne Boon The Moon's Gift
44%
Nocturne Boon The Wind's Gift
44%
Empires Landmark Tomb
44%
Nocturne 2 ActionFate Tracker
44%
Adventures 5 Event Trade
44%
Hinterlands 4 ActionReaction Trader
44%
Prosperity 1E 3 Action Trade Route
44%
Hinterlands 4 ActionReaction Trail
44%
Renaissance Artifact Treasure Chest
44%
Seaside 4 Action Treasure Map
44%
Allies 3 ActionLiaison Underling
44%
Alchemy 2+P Action University
44%
Intrigue 5 Action Upgrade
44%
Menagerie 4 ActionDuration Reaction Village Green
44%
Allies 4 ActionDuration Odyssey Voyage
44%
Promo 4 Action Walled Village
44%
Seaside 3 Action Warehouse
44%
Menagerie Way Way of the Mouse
44%
Menagerie Way Way of the Owl
44%
Menagerie Way Way of the Seal
44%
Empires Landmark Wolf Den
44%
Renaissance 3 Action Acting Troupe
38%
Menagerie 10 Event Alliance
38%
Dark Ages 6 Action Altar
38%
Empires 8D Event Annex
38%
Menagerie 5 ActionDuration Barge
38%
Intrigue 4 Action Baron
38%
Empires Landmark Battlefield
38%
Prosperity 4 Action Bishop
38%
Hinterlands 6 Action Border Village
38%
Menagerie 4 Action Bounty Hunter
38%
Allies 4 ActionLiaison Broker
38%
Rising Sun Prophecy Bureaucracy
38%
Empires 5 Action Bustling Village
38%
Renaissance 7 Project Canal
38%
Adventures 3 ActionDuration Reaction Caravan Guard
38%
Renaissance 3 ActionDuration Cargo Ship
38%
Renaissance 3 Project Cathedral
38%
Empires 5 Treasure Charm
38%
Renaissance 8 Project Citadel
38%
Allies Ally City-state
38%
Nocturne 5 NightDuration Cobbler
38%
Rising Sun 8D Event Continue
38%
Allies 5 TreasureLiaison Contract
38%
Nocturne 5 NightDuration Crypt
38%
Nocturne 5 ActionDoom Cursed Village
38%
Seaside 4 ActionAttack Cutpurse
38%
Plunder 7* TreasureLoot Doubloons
38%
Hinterlands 1E 2 Action Duchess
38%
Nocturne 4 Night Exorcist
38%
Nocturne Hex Famine
38%
Plunder 5 Treasure Figurine
38%
Hinterlands 2 TreasureReaction Fool's Gold
38%
Prosperity 7 Action Forge
38%
Empires Landmark Fountain
38%
Rising Sun 7 Event Gather
38%
Adventures 5 ActionAttack Giant
38%
Plunder 4 TreasureDuration Gondola
38%
Menagerie 4 Action Groom
38%
Plunder 2 ActionDuration Grotto
38%
Dark Ages 3 Action Hermit
38%
Allies 5 ActionFort Hill Fort
38%
Cornucopia & Guilds 5 Treasure Horn of Plenty
38%
Dark Ages 6 Action Hunting Grounds
38%
Hinterlands 1E 5 Treasure Ill-Gotten Gains
38%
Plunder 10 Event Invasion
38%
Dark Ages 4 Action Ironmonger
38%
Allies Ally Island Folk
38%
Cornucopia & Guilds 5 ActionAttack Jester
38%
Cornucopia & Guilds 5 Action Journeyman
38%
Renaissance Artifact Key
38%
Rising Sun 3 Event Kintsugi
38%
Allies Ally League of Bankers
38%
Nocturne 3 ActionDoom Leprechaun
38%
Adventures 5 Action Lost City
38%
Intrigue 2 Action Lurker
38%
Dark Ages 0* Action Madman
38%
Plunder 4 Event Maelstrom
38%
Nocturne 0 TreasureHeirloom Magic Lamp
38%
Hinterlands 5 ActionAttack Margrave
38%
Menagerie 5 ActionDuration Mastermind
38%
Intrigue 4 Action Mining Village
38%
Renaissance 4 Action Mountain Village
38%
Empires Landmark Museum
38%
Plunder Trait Nearby
38%
Hinterlands 1E 4 ActionAttack Noble Brigand
38%
Menagerie 5 Action Paddock
38%
Allies Ally Peaceful Cult
38%
Rising Sun 4 ActionOmen Poet
38%
Nocturne 2 TreasureHeirloom Pouch
38%
Plunder 7* TreasureLoot Prize Goat
38%
Rising Sun Prophecy Progress
38%
Plunder 7* TreasureLoot Puzzle Box
38%
Plunder Trait Reckless
38%
Cornucopia & Guilds 4 Action Remake
38%
Rising Sun 3 ActionDuration Riverboat
38%
Adventures 5 ActionReserve Royal Carriage
38%
Prosperity 1E 5 Treasure Royal Seal
38%
Seaside 3 Action Sea Chart
38%
Plunder 2 ActionDuration Search
38%
Nocturne 3 ActionDuration Secret Cave
38%
Intrigue 4 Action Secret Passage
38%
Renaissance 5 Action Seer
38%
Empires 2 Action Settlers
38%
Plunder 2 Action Shaman
38%
Plunder 3 ActionDuration Attack Siren
38%
Menagerie 2 ActionReaction Sleigh
38%
Allies 5 ActionAttack Augur Sorceress
38%
Plunder 7* ActionTreasure Loot Spell Scroll
38%
Renaissance 3 Project Star Chart
38%
Menagerie 3 Treasure Stockpile
38%
Renaissance 5 Action Swashbuckler
38%
Intrigue 3 ActionAttack Swindler
38%
Allies 2 ActionLiaison Sycophant
38%
Empires 2 Event Tax
38%
Rising Sun 5 ActionOmen Tea House
38%
Nocturne Boon The Earth's Gift
38%
Nocturne Boon The Field's Gift
38%
Seaside 4 ActionDuration Tide Pools
38%
Empires Landmark Tower
38%
Adventures 2 Event Travelling Fair
38%
Intrigue 1E 5 Action Tribute
38%
Prosperity 1E 5 Treasure Venture
38%
Dark Ages 4 Action Wandering Minstrel
38%
Menagerie Way Way of the Butterfly
38%
Menagerie Way Way of the Camel
38%
Menagerie Way Way of the Mole
38%
Menagerie Way Way of the Mule
38%
Menagerie Way Way of the Turtle
38%
Hinterlands 4 ActionReaction Weaver
38%
Cornucopia & Guilds 4 ActionAttack Young Witch
38%
Plunder 4 TreasureDuration Abundance
31%
Adventures 3 ActionDuration Amulet
31%
Rising Sun Prophecy Approaching Army
31%
Rising Sun 2 Event Asceticism
31%
Nocturne Hex Bad Omens
31%
Allies Ally Band of Nomads
31%
Empires 3 Event Banquet
31%
Empires Landmark Basilica
31%
Hinterlands 1E 5 Treasure Cache
31%
Menagerie 3 Action Camel Train
31%
Menagerie 4 ActionAttack Cardinal
31%
Hinterlands 5 Action Cartographer
31%
Hinterlands 5 TreasureAttack Cauldron
31%
Menagerie 4 Action Cavalry
31%
Allies Ally Cave Dwellers
31%
Nocturne 4 Victory Cemetery
31%
Plunder Trait Cheap
31%
Renaissance 3 Project City Gate
31%
Cornucopia & Guilds 0* ActionTreasure Reward Coronet
31%
Dark Ages 5 Treasure Counterfeit
31%
Allies 4 Action Courier
31%
Cornucopia & Guilds 0* ActionReward Courser
31%
Menagerie 5 ActionAttack Coven
31%
Renaissance 6 Project Crop Rotation
31%
Plunder 5 ActionDuration Attack Cutthroat
31%
Dark Ages 5 ActionAttack Knight Dame Sylvia
31%
Empires 2 Event Delve
31%
Cornucopia & Guilds 1E 0* TreasurePrize Diadem
31%
Nocturne 2 ActionFate Druid
31%
Renaissance 2 Treasure Ducat
31%
Adventures 4 ActionReserve Duplicate
31%
Hinterlands 1E 5 Action Embassy
31%
Plunder 5 ActionDuration Enlarge
31%
Menagerie 5 ActionReaction Falconer
31%
Allies Ally Family of Inventors
31%
Plunder 5 Action First Mate
31%
Plunder 4 ActionDuration Command Flagship
31%
Cornucopia & Guilds 5 ActionAttack Footpad
31%
Dark Ages 3 Action Forager
31%
Dark Ages 4 Action Fortress
31%
Cornucopia & Guilds 1E 3 ActionAttack Fortune Teller
31%
Nocturne 3 NightDuration Ghost Town
31%
Menagerie 3 Action Goatherd
31%
Rising Sun Prophecy Great Leader
31%
Empires 5 Action Groundskeeper
31%
Allies 5 ActionLiaison Guildmaster
31%
Hinterlands 5 Action Haggler
31%
Cornucopia & Guilds 2 Action Hamlet
31%
Plunder 7* TreasureLoot Hammer
31%
Rising Sun Prophecy Harsh Winter
31%
Plunder Trait Hasty
31%
Nocturne Hex Haunting
31%
Plunder Trait Inherited
31%
Plunder 7* TreasureLoot Insignia
31%
Plunder Trait Inspiring
31%
Menagerie 4 Event Invest
31%
Prosperity 4 Treasure Investment
31%
Plunder 2 Treasure Jewelled Egg
31%
Plunder 3 Event Launch
31%
Adventures 6 Event Lost Arts
31%
Hinterlands 1E 5 Action Mandarin
31%
Allies 6 Action Marquis
31%
Prosperity 4 Action Monument
31%
Empires Landmark Mountain Pass
31%
Seaside 1E 4 Action Navigator
31%
Nocturne 3 Night Night Watchman
31%
Hinterlands 3 Action Oasis
31%
Renaissance 5 ActionAttack Old Witch
31%
Hinterlands 1E 3 ActionAttack Oracle
31%
Plunder 7* TreasureLoot Orb
31%
Rising Sun Prophecy Panic
31%
Plunder Trait Patient
31%
Plunder 5 Treasure Pickaxe
31%
Plunder Trait Pious
31%
Cornucopia & Guilds 4 Action Plaza
31%
Menagerie 10 Event Populate
31%
Adventures 4 Action Port
31%
Nocturne Hex Poverty
31%
Rising Sun 3 Event Practice
31%
Renaissance 4 Action Priest
31%
Plunder 10 Event Prosper
31%
Plunder 5 ActionDuration Quartermaster
31%
Adventures 0 Event Quest
31%
Dark Ages 5 Action Rebuild
31%
Adventures 5 TreasureAttack Relic
31%
Renaissance 4 ActionDuration Research
31%
Plunder Trait Rich
31%
Dark Ages 5 ActionAttack Rogue
31%
Plunder 2 Event Rush
31%
Nocturne 5 ActionFate Sacred Grove
31%
Empires 4 Action Sacrifice
31%
Seaside 4 Action Salvager
31%
Renaissance 5 Action Sculptor
31%
Rising Sun 4 Event Sea Trade
31%
Plunder 7* TreasureLoot Sextant
31%
Renaissance 4 Project Silos
31%
Allies 5 ActionAttack Skirmisher
31%
Empires 5 ActionVictory Castle Small Castle
31%
Hinterlands 5 Action Souk
31%
Allies 5 Action Specialist
31%
Renaissance 5 Treasure Spices
31%
Cornucopia & Guilds 2+ Action Stonemason
31%
Plunder 3 ActionDuration Reaction Stowaway
31%
Prosperity 1E 4 Treasure Talisman
31%
Empires 4 ActionGathering Temple
31%
Nocturne Boon The Forest's Gift
31%
Nocturne Boon The Sky's Gift
31%
Intrigue 5 Action Trading Post
31%
Nocturne 5 Action Tragic Hero
31%
Adventures 5 Treasure Treasure Trove
31%
Empires 5D Event Triumph
31%
Prosperity 5 Action Vault
31%
Renaissance 5 ActionAttack Villain
31%
Menagerie 6* Action Wayfarer
31%
Menagerie Way Way of the Frog
31%
Menagerie Way Way of the Worm
31%
Intrigue 3 Action Wishing Well
31%
Allies Ally Woodworkers' Guild
31%
Nocturne 3 ActionZombie Zombie Apprentice
31%
Renaissance 5 Project Academy
25%
Empires 5 ActionDuration Archive
25%
Adventures 5 Event Ball
25%
Empires Landmark Bandit Fort
25%
Allies 5 ActionAttack Barbarian
25%
Renaissance 6 Project Barracks
25%
Nocturne 4 ActionFate Blessed Village
25%
Plunder 5 TreasureDuration Buried Treasure
25%
Allies 5 Action Capital City
25%
Renaissance 5 Project Capitalism
25%
Cornucopia & Guilds 5 Action Carnival
25%
Allies 4 Action Carpenter
25%
Dark Ages 5 Action Catacombs
25%
Nocturne 3 Night Changeling
25%
Allies Ally Circle of Witches
25%
Nocturne 4 Action Conclave
25%
Intrigue 1E 4 Action Coppersmith
25%
Plunder 5 ActionDuration Crew
25%
Menagerie 5 Event Demand
25%
Menagerie 0 Event Desperation
25%
Hinterlands 3 Action Develop
25%
Promo 4 Action Dismantle
25%
Menagerie 5 Action Displace
25%
Adventures 3 ActionDuration Dungeon
25%
Allies 5 ActionLiaison Emissary
25%
Adventures 3 Event Expedition
25%
Seaside 1E 5 Action Explorer
25%
Plunder 4 Action Fortune Hunter
25%
Plunder 5 ActionDuration Attack Frigate
25%
Allies 5 Action Galleria
25%
Menagerie 5 ActionDuration Attack Gatekeeper
25%
Adventures 3 ActionDuration Gear
25%
Dark Ages 5 Action Graverobber
25%
Rising Sun Prophecy Growth
25%
Cornucopia & Guilds 1E 5 Action Harvest
25%
Renaissance 4 Action Hideout
25%
Allies 5 ActionDuration Attack Highwayman
25%
Menagerie 4 Action Hostelry
25%
Rising Sun 5 Action Imperial Envoy
25%
Allies 3 ActionDuration Liaison Importer
25%
Adventures 7 Event Inheritance
25%
Plunder 4 ActionDuration Landing Party
25%
Allies Ally League of Shopkeepers
25%
Prosperity 5 Action Magnate
25%
Plunder 4 ActionReaction Mapmaker
25%
Dark Ages 3 ActionReaction Market Square
25%
Plunder 4 Action Maroon
25%
Cornucopia & Guilds 5 Action Merchant Guild
25%
Adventures 4 Event Mission
25%
Allies Ally Mountain Folk
25%
Hinterlands 1E 4 Action Nomad Camp
25%
Hinterlands 4 Action Nomads
25%
Allies Ally Order of Astrologers
25%
Renaissance 4 ActionReaction Patron
25%
Renaissance 5 Project Piazza
25%
Menagerie 2 Event Ride
25%
Renaissance 5 Project Road Network
25%
Rising Sun 3 Action Root Cellar
25%
Allies 4 ActionDuration Royal Galley
25%
Menagerie 5 Action Sanctuary
25%
Hinterlands 3 Action Scheme
25%
Plunder 3 ActionDuration Secluded Shrine
25%
Renaissance 3 Project Sewers
25%
Plunder 5 Treasure Silver Mine
25%
Seaside 3 Action Smugglers
25%
Menagerie 3 Action Snowy Village
25%
Dark Ages 2 Action Squire
25%
Allies 6 ActionVictory Duration Fort Stronghold
25%
Plunder 3 ActionDuration Taskmaster
25%
Plunder Trait Tireless
25%
Nocturne 5 ActionAttack Doom Tormentor
25%
Adventures 6 Event Training
25%
Plunder 5 ActionAttack Trickster
25%
Menagerie Way Way of the Otter
25%
Menagerie Way Way of the Squirrel
25%
Empires 5 Event Windfall
25%
Hinterlands 5 ActionAttack Witch's Hut
25%
Cornucopia & Guilds 4 Action Advisor
19%
Rising Sun 2 Event Amass
19%
Allies Ally Architects' Guild
19%
Rising Sun 3 Action Aristocrat
19%
Menagerie 4 Event Bargain
19%
Rising Sun Prophecy Biding Time
19%
Adventures 3 Event Bonfire
19%
Plunder 1 Event Bury
19%
Empires 6 Event Conquest
19%
Intrigue 4 Action Conspirator
19%
Prosperity 1E 5 Treasure Contraband
19%
Rising Sun 3 Action Craftsman
19%
Plunder 4 Treasure Crucible
19%
Empires Landmark Defiled Shrine
19%
Plunder 2 Event Deliver
19%
Allies Ally Desert Guides
19%
Menagerie 8 Event Enclave
19%
Renaissance 4 Project Exploration
19%
Renaissance 5 Project Fleet
19%
Rising Sun Prophecy Flourishing Trade
19%
Plunder 3 Event Foray
19%
Rising Sun 2 Event Foresight
19%
Empires 5 Action Forum
19%
Rising Sun 5 Action Gold Mine
19%
Rising Sun Prophecy Good Harvest
19%
Plunder 4 Action Harbor Village
19%
Allies 5 Action Hunter
19%
Menagerie 5 Action Hunting Lodge
19%
Allies 4 Action Innkeeper
19%
Renaissance 4 Action Inventor
19%
Hinterlands 4 Action Jack of All Trades
19%
Menagerie 5 Action Kiln
19%
Empires Landmark Labyrinth
19%
Menagerie 5 Action Livery
19%
Plunder 5 ActionDuration Longship
19%
Allies Ally Market Towns
19%
Plunder 5 Action Mining Road
19%
Plunder 3 Event Mirror
19%
Empires Landmark Orchard
19%
Allies Ally Order of Masons
19%
Renaissance 3 Project Pageant
19%
Adventures 8 Event Pathfinding
19%
Plunder 5 Action Pilgrim
19%
Adventures 3 Event Plan
19%
Allies Ally Plateau Shepherds
19%
Menagerie 2 Event Pursue
19%
Rising Sun Prophecy Rapid Expansion
19%
Rising Sun 5 Event Receive Tribute
19%
Empires 4 Event Ritual
19%
Dark Ages 3 Action Sage
19%
Empires 4 Event Salt the Earth
19%
Adventures 1 Event Save
19%
Dark Ages 4 Action Scavenger
19%
Renaissance 5 Action Scholar
19%
Plunder 3 Event Scrounge
19%
Menagerie 4 Event Seize the Day
19%
Allies 3 Action Sentinel
19%
Cornucopia & Guilds 3 Action Shop
19%
Renaissance 4 Project Sinister Plot
19%
Cornucopia & Guilds 5 ActionAttack Soothsayer
19%
Hinterlands 4 Action Spice Merchant
19%
Hinterlands 5 Action Stables
19%
Menagerie 5 Event Stampede
19%
Adventures 5 Action Storyteller
19%
Plunder 4 Action Swamp Shacks
19%
Cornucopia & Guilds 1E 4 ActionAttack Taxman
19%
Adventures 4 ActionReserve Transmogrify
19%
Empires Landmark Triumphal Arch
19%
Dark Ages 2 Action Vagrant
19%
Plunder 5 Action Wealthy Village
19%
Hinterlands 5 Action Wheelwright
19%
Dark Ages 4 Action Armory
13%
Adventures 5 Action Artificer
13%
Plunder 2 Event Avoid
13%
Menagerie 4 Event Banish
13%
Empires Landmark Colonnade
13%
Menagerie 5 Event Commerce
13%
Prosperity 1E 5 Action Counting House
13%
Rising Sun 2 Event Credit
13%
Hinterlands 2 Action Crossroads
13%
Renaissance 3 Action Experiment
13%
Allies Ally Forest Dwellers
13%
Renaissance 5 Project Guildhall
13%
Renaissance 3 Action Improve
13%
Empires Landmark Keep
13%
Seaside 3 Action Lookout
13%
Adventures 4 Action Magpie
13%
Allies 3 Action Merchant Camp
13%
Adventures 4 Action Messenger
13%
Dark Ages 5 Action Mystic
13%
Empires Landmark Palace
13%
Plunder 5 Treasure Pendant
13%
Plunder 2 Event Peril
13%
Adventures 4 Event Pilgrimage
13%
Plunder 3 Event Prepare
13%
Adventures 4 Action Ranger
13%
Adventures 2 Action Raze
13%
Adventures 2 Event Scouting Party
13%
Menagerie 3 Action Scrap
13%
Adventures 5 Event Seaway
13%
Dark Ages 3 Action Storeroom
13%
Allies 5 Action Swap
13%
Plunder 4 Treasure Tools
13%
Menagerie 3 Event Transport
13%
Allies Ally Trappers' Lodge
13%
Allies Ally Coastal Haven
6%
Allies Ally Crafters' Guild
6%
Menagerie 0 Event Delay
6%
Menagerie 3 Event Enhance
6%
Plunder Trait Fated
6%
Allies Ally Fellowship of Scribes
6%
Menagerie 2 Event Gamble
6%
Allies 5 Action Modify
6%
Menagerie 2 Event Toil
6%
No matching quizzes found
Score Distribution
Percent of People with Each Score
Percentile by Number Answered
Your Score History
You have not taken this quiz since the last reset